00586nam a2200157 a 450000100100000000500170001000800410002704000250006808200150009310000180010824501170012626000710024330000200031450000420033450400520037600000682520200929154013.0090903s1981 dr 000 0 spa d aDO-SdBNPbspacBNPHU axxxbL791e1 aLlibre, Julio13aEl encaje legal y el redescuento como instrumentos de política crediticia en América Latina /cJulio Llibre. aSanto Domingo :bCentro de Estudios Monetarios y Bancarios,c1981. a69 p. ;c22 cm. aIncluye notas al pie de las páginas aIncluye referencias bibliográficas (p. 67-69)